Logo na S - Statystyki

Ogólne statystyki
  • Ten quiz został rozwiązany 30 razy
  • Średni wynik to 22 z 32
Statystyki odpowiedzi
Obrazkowy Hint Odpowiedź % Poprawnych
Elektronika Samsung
96%
Bank Santander
92%
Samochody Skoda
92%
Komunikator Skype
92%
Social Media Snapchat
92%
Samochody Seat
88%
Paliwo Shell
88%
Odzież Sinsay
88%
Sklep dziecięcy Smyk
88%
Muzyka Spotify
88%
Napoje Sprite
88%
Kawiarnia Starbucks
83%
Samochody Suzuki
83%
Elektronika Sony
79%
Samochody Subaru
75%
Ciężarówki Scania
71%
Elektronika Siemens
71%
Basen Suntago
71%
Samochody Saab
67%
Działalnosć charytatywna Siepomaga
67%
Sklep spożywczy Społem
67%
Gry Steam
67%
Odżywki i suplementy SFD
58%
Kosmos Space X
58%
Hurtownia Selgros
50%
Perfumy Sephora
50%
Sprzedaż internetowa Shein
50%
Kosmetyki Schwarzkopf
46%
Części rowerowe Shimano
46%
Samochody Smart
42%
Ekspres do kawy Saeco
17%
Samochody Ssangyong
17%
Nie znaleziono quizów pasujących do podanych kryteriów
Rozkład punktacji
Procent ludzi z każdym wynikiem
Percentyl według liczby udzielonych odpowiedzi
Twoja historia wyników
Nie rozwiązałeś tego quizu